• 首页
  • 本馆介绍
  • 公告通知
  • 最新文献
  • 馆藏检索
  • 电子资源
  • 读者导购
  • 参考咨询
  • 我的图书馆
  • 登录
  • 详细信息显示
  • 放入我的书架
  • 预约/预借图书
  • 作者相关作品
  • 分类相关作品
  • 丛书相关作品
  • 出版社相关作品

书目信息

  • 表格格式
  • 工作单格式
  • 卡片格式
题名:
防锈知识问答
    
 
作者: 李荣福 编
分册:  
出版信息: 广州   广东科技出版社  1983.11
页数: 182页
开本: 20cm
丛书名:
单 册:
中图分类: TG17
科图分类:
主题词: 腐蚀 , 金属表面 , 金属表面清理
电子资源:
ISBN:
000 00525nam0 2200205 45
001 0312221749
005 20060313143303.32
010    @dCNY0.65
100    @a20031222d1983 km y0chiy0120 ea
101    @achi
200 1  @a防锈知识问答@AFang Xiu Zhi Shi Wen Da@f李荣福编@FLi Rong Fu Bian
210    @a广州@c广东科技出版社@d1983.11
215    @a182页@d20cm
606 0  @a腐蚀
606 0  @a金属表面
606 0  @a金属表面清理
690    @aTG17@v3
701 0  @a李荣福@4编
801    @aCN@bTSTCL@c20060313
905    @a213230@dTG17@e4
    
    防锈知识问答/李荣福编.-广州:广东科技出版社,1983.11
    182页;20cm
    
    
    ISBN :CNY0.65
    
●
相关链接 在E读中查询图书 在五车中查询图书 在当当中查询图书 在豆瓣中查询图书


正题名:防锈知识问答     索取号:TG17/4         预约/预借

序号 登录号 条形码 馆藏地/架位号 状态 备注
1 0125704   202203793   密集书库/ [索取号:TG17/4] 在馆    
2 0125705   202203837   密集书库/ [索取号:TG17/4] 在馆    
唐山师范学院图书馆 欢迎您!
大连网信软件有限公司© 版权所有